| 000 | 00487caa a22001812a 4500 | ||
|---|---|---|---|
| 001 | 001207 | ||
| 003 | AR-FADEU | ||
| 008 | 311216n########xxu####################dd | ||
| 092 |
_a808.31 _bH198 |
||
| 100 | _aOates, Joyce Carol | ||
| 245 | _aIn the region of ice | ||
| 300 | _app. 108-124 | ||
| 500 | _aEn: The shape of fiction. -- New York : McGraw-Hill | ||
| 700 | _aFrederick R, Karl | ||
| 650 | _aSHORT STORIES; LITERATURA EN INGLES-NOVELA | ||
| 546 | _ainglés | ||
| 942 | _cBDGR | ||
| 999 |
_c7046 _d7046 |
||